00423 2200157 4500245008300000020001800083250001200101100002200113650001600135005001900151260003200170041001400202084001200216300002800228336000900256 aDia Di Mana-Mana b : Tangan Tuhan di Balik FenomenacM. Quraish ShihabhText a979-9048-29-X aCet. 11 aM. Quraish Shihab aIlmu Tauhid a20240903115441 aJakartabLentera Hatic2011 aIndonesia a297.211 axv, 400 hlm. :c20,5 cm atext